| 000 | 00578nam a22001937a 4500 | ||
|---|---|---|---|
| 999 |
_c16204 _d16204 |
||
| 003 | AR-CdUCM | ||
| 008 | 190502b ||||| |||| 00| 0 spa d | ||
| 040 |
_aMUNICIPALIDAD PROVINCIAL DEL CUSCO _cBIBLIOTECA MUNICIPAL DEL CUSCO |
||
| 082 |
_a869.56 / _bL59 |
||
| 100 |
_aLíber, Ramón _935500 |
||
| 245 | _aMandamientos y declaraciones de amor / | ||
| 260 |
_aIca : _bConcytec, _c1990. |
||
| 300 |
_a75 páginas ; _c20 cm. |
||
| 505 | _aContenido: Poesía | ||
| 650 |
_aLiteratura peruana _9169 |
||
| 650 |
_aPoesía _9139 |
||
| 942 |
_2ddc _cLIBROS |
||
| 945 |
_aacv _d2019-05-02 |
||